Thiết kế cấp điện (Dự toán, thủ tục thiết kế, thiết kế thực tế, lắp đặt)

Sách trình bày những bước thiết kế cần thiết, dẫn ra những công thức tính toán để thiết kế một mạng cấp điện thích hợp với từng địa bàn (xí nghiệp, nông thôn, thành thị). Sách cũng hướng dẫn thiết kế bộ tự động đóng nguồn dự...

Cijeli opis

Spremljeno u:
Bibliografski detalji
Glavni autor: Ngô, Hồng Quang
Format: Knjiga
Jezik:Undetermined
Izdano: Hà Nội KHKT 1998
Teme:
Oznake: Dodaj oznaku
Bez oznaka, Budi prvi tko označuje ovaj zapis!
Thư viện lưu trữ: Trung tâm Học liệu Trường Đại học Cần Thơ
LEADER 01595nam a2200205Ia 4500
001 CTU_27905
008 210402s9999 xx 000 0 und d
020 |b 33.000đ 
082 |a 333.7932 
082 |b Qu106 
100 |a Ngô, Hồng Quang 
245 0 |a Thiết kế cấp điện (Dự toán, thủ tục thiết kế, thiết kế thực tế, lắp đặt) 
245 0 |c Ngô Hồng Quang, Vũ Văn Tẩm 
260 |a Hà Nội 
260 |b KHKT 
260 |c 1998 
520 |a Sách trình bày những bước thiết kế cần thiết, dẫn ra những công thức tính toán để thiết kế một mạng cấp điện thích hợp với từng địa bàn (xí nghiệp, nông thôn, thành thị). Sách cũng hướng dẫn thiết kế bộ tự động đóng nguồn dự phòng diesel cho các khách sạn và xí nghiệp, thiết kế bộ tự động điều chỉnh dung lượng bù, các mạch tự động điều khiển và điều khiển xa mạng điện gia đình... Ngoài ra, sách còn cung cấp thông số và hướng dẫn tra cứu, sử dụng thiết bị cao hạ áp của các hãng nổi tiếng thế giới (Siemens, Merlin Gerlin, Furukawa, Delta, Change, ABB, Clipsal, Golstar...) 
650 |a electric engineering,electric lines,electric power distribution 
904 |i Minh, 990108 
980 |a Trung tâm Học liệu Trường Đại học Cần Thơ